Principios de la Filosofía del Derecho o Derecho Natural y Ciencia Política.

সংরক্ষণ করুন:
গ্রন্থ-পঞ্জীর বিবরন
প্রধান লেখক: Hegel, Georg Wilhelm Friedrich 1770-1831
অন্যান্য লেখক: Vermal, Juan Luis (traductor)
বিন্যাস: গ্রন্থ
ভাষা:ইংরেজি
প্রকাশিত: Buenos Aires, Argentina: Sudamericana, 1975.
মালা:Biblioteca de Filosofía.
বিষয়গুলি:
ট্যাগগুলো: ট্যাগ যুক্ত করুন
কোনো ট্যাগ নেই, প্রথমজন হিসাবে ট্যাগ করুন!

MARC

LEADER 00000nam a22000007a 4500
003 CL-VaPUC
005 20230421074441.0
008 220318t1975 ||||| |||| 00| 0 eng d
999 |c 434948  |d 434946 
040 |c Pontificia Universidad Católica de Valparaíso 
082 7 |a 340.1 HEG 1975  |2 22 
100 |a Hegel, Georg Wilhelm Friedrich  |d 1770-1831  |9 860268 
245 |a Principios de la Filosofía del Derecho o Derecho Natural y Ciencia Política.  
260 |a Buenos Aires, Argentina:   |b Sudamericana,   |c 1975.  
300 |a 391 páginas.  
490 |a Biblioteca de Filosofía.  
500 |a c.1 Donación Familia Prof. Alejandro Guzmán Brito. 
505 |a Índice: - Primera parte: El derecho abstracto. - Segunda parte: La moralidad. - Tercera parte: La eticidad. 
583 |c 20220318  |k Yessy Stephany Diaz Vidal 
650 |a Filosofía del derecho   |9 255050 
650 |a Derecho natural   |9 255041 
700 |a Vermal, Juan Luis  |9 864396  |e traductor 
942 |2 ddc  |c BK  |n 0 
952 |0 0  |1 0  |2 ddc  |4 0  |6 340_100000000000000_HEG_1975  |7 0  |8 C_AGB  |9 581949  |a BIBDER  |b BIBDER  |d 2022-03-18  |e Donación   |i 5650179  |o 340.1 HEG 1975  |p 5650179  |r 2023-01-25  |t 1   |w 2022-03-18  |y BK_US  |k AGB